Unternehmenspublizität und Konkurrenzwirkungen.

Reakcie konkurencie na publicitu podniku z ekonomického hľadiska. Vzťah povinnosti publicity a nákladov. Potenciálne nebezpečenstvo konkurencie. Verifikácia informácií a priame náklady na publikovanie informácií. Dva modely vzťahu publicity a konkurencie: konkurenčná situácia v rámci duopolu a pri v...

Descrizione completa

Salvato in:
Dettagli Bibliografici
Autore principale: Ewert, R.
Altri autori: Wagenhofer, A.
Natura: Capitolo di libro
Lingua:tedesco
Soggetti:
Tags: Aggiungi Tag
Nessun Tag, puoi essere il primo ad aggiungerne!!

MARC

LEADER 00000naa a2200000 4500
001 r009797
005 20221130113415.7
041 0 |a ger 
044 |a DE 
245 1 0 |a Unternehmenspublizität und Konkurrenzwirkungen.  |c R. Ewert, A. Wagenhofer 
520 |a Reakcie konkurencie na publicitu podniku z ekonomického hľadiska. Vzťah povinnosti publicity a nákladov. Potenciálne nebezpečenstvo konkurencie. Verifikácia informácií a priame náklady na publikovanie informácií. Dva modely vzťahu publicity a konkurencie: konkurenčná situácia v rámci duopolu a pri vstupe podniku na dovtedy monopolistický trh. Zákonné úpravy publicity a ochranné klauzuly v rámci bilančného práva. 
610 2 0 |a konkurencia 
610 2 0 |a podnik 
610 2 0 |a náklady 
610 2 0 |a informácie 
610 2 0 |a modely 
610 2 0 |a duopoly 
610 2 0 |a trh 
610 2 0 |a právo hospodárske 
100 1 |a Ewert, R. 
700 1 |a Wagenhofer, A.